| 000 | 00704nam a2200205 i 4500 | ||
|---|---|---|---|
| 001 | 74027 | ||
| 003 | ES-MaACL | ||
| 005 | 20231223063051.0 | ||
| 007 | t| | ||
| 008 | 040914s1954 sp af |||| | spa d | ||
| 080 | _a728.81(460) | ||
| 100 | 1 |
_aCandamo, Luis G. de, _d1922-2012 _934442 |
|
| 245 | 1 | 4 |
_aLas rutas de los castillos castellanos _b= A tour to the castilian castles / _cLuis González de Candamo ; introducción de Francisco Sintes Obrador. |
| 260 |
_aMadrid : _b[s.n., _c1954] ( _fSáez) |
||
| 300 |
_a135 p., 3 lám. ; _c27 cm. |
||
| 650 | 0 | 4 |
_aCastillos- _zEspaña. _910828 |
| 700 | 1 |
_aSintes Obrador, Francisco. _9106652 |
|
| 852 |
_aES-MaACL _jC-8589 |
||
| 999 |
_c74027 _d74027 |
||